00927nam a2200157 a 4500008004100000050001500041100001700056245005100073246007700124350000900201995013700210995013700347999001700484952013400501952013400635120416s9999 xx |||||||||||||| || u aTS 230 Mod aHoward, E. D10aModern foundry practicecedited by E.D. Howard aa practical guide for foundrymen and all interested in the foundry trade a0.00 aBINDERY (DAMAGED)D0.00e715513FCBU-MAIN LIBRARY (Kitwe)H2I3.90jTS 230 ModUDAMAGEDy017627ZMain Library Open Access Collection aBINDERY (DAMAGED)D0.00e017625FCBU-MAIN LIBRARY (Kitwe)H1I3.90jTS 230 ModUDAMAGEDy017625ZMain Library Open Access Collection c77584d77584 00102lcc4070a001b001cMain Library Open Access Collectiond2023-05-03l0oTS 230 Modp017627r2023-05-03t1w2023-05-03y002 00102lcc4070a001b001cMain Library Open Access Collectiond2023-05-03l0oTS 230 Modp017625r2023-05-03t2w2023-05-03y002